| 000 | 00698nam a2200205Ia 4500 | ||
|---|---|---|---|
| 003 | SISC | ||
| 005 | 20170123112233.0 | ||
| 008 | 140527s9999 xx 000 0 und d | ||
| 020 | _a9781606493168 | ||
| 050 |
_aHD 38.5 _b.L615 2012 |
||
| 100 | _aLiberatore, Matthew J. | ||
| 245 |
_aSupply chain planning : _bpractical frameworks for superior performance / _cMatthew J. Liberatore, Tan Miller. |
||
| 260 |
_aNew York : _bBusiness Expert Press, _c2012. |
||
| 300 |
_a137 pages : _billustrations ; _c23 cm. |
||
| 500 | _aIncludes bibliographical references and index. | ||
| 650 | _aSupply chain frameworks. | ||
| 650 | _aSupply chain management. | ||
| 942 |
_kFOR _cBK _2lcc |
||
| 999 |
_c117476 _d117476 |
||